Statistics for Top 50 English Football Transfers 2019

Click here to take the quiz!

General Stats

  • This quiz has been taken 41 times
  • The average score is 19 of 50

Answer Stats

NPlayerFromToFee% Correct
1Eden HazardChelseaReal Madrid (Spain)£115m
93%
2Harry MaguireLeicester CityMan Utd£80m
93%
3Romelu LukakuMan UtdInter Milan (Italy)£75m
90%
5Nicolas PépéLille (France)Arsenal£65m
83%
4RodriAtlético Madrid (Spain)Man City£68m
76%
19Kieran TierneyCeltic (Scotland)Arsenal£27m
69%
7Tanguy NdombéléLyon (France)Tottenham Hotspurs£60m
69%
5Joao CanceloJuventus (Italy)Man City£65m
66%
13Alex IwobiArsenalEverton£30.4m
62%
10Sebastien HallerEintracht Frankfurt (Germany)West Ham United£45m
62%
12Giovani Lo CelsoReal Betis (Spain)Tottenham Hotspurs£32m
59%
18Moise KeanJuventus (Italy)Everton£27.5m
59%
19Ryan SessegnonFulhamTottenham Hotspurs£27m
55%
9Matteo KovacicReal Madrid (Spain)Chelsea£45m
52%
14Ayoze PerezNewcastle UnitedLeicester City£30m
48%
22Marko ArnautovicWest Ham UnitedSH SIPG (China)£25m
48%
25Danny IngsLiverpoolSouthampton£22.2m
45%
14Idrissa GueyeEvertonPSG (France)£30m
45%
10JoelintonTSG Hoffenheim (Germany)Newcastle United£44m
45%
40Daniel JamesSwansea CityMan Utd£15m
41%
14Ismalia SarrStade Rennais (France)Watford£30m
41%
30Kieran TrippierTottenham HotspursAtlético Madrid (Spain)£20m
41%
14Raúl JiménezBenfica (Portugal)Wolves£30m
41%
19William SalibaSaint-Étienne (France)Arsenal£27m
41%
24Ademola LookmanEvertonRB Leipzig (Germany)£22.5m
38%
26Neal MaupayBrentfordBrighton & Hove Albion£22m
34%
28Sander BergeKRC Genk (Belgium)Sheffield United£21.5m
34%
30Tyrone MingsBournemouthAston Villa£20m
34%
8Aaron Wan-BissakaCrystal PalaceMan Utd£55m
31%
29Jarrod BowenHull CityWest Ham United£21.3m
31%
22WesleyClub Brugge (Belgium)Aston Villa£25m
31%
30Leandro TrossardKRC GenkBrighton & Hove Albion£20m
28%
27Adam WebsterBristol CityBrighton & Hove Albion£21.85m
24%
34Allan Saint-MaximinOGC Nice (France)Newcastle United£18m
24%
37Patrick CutroneAC Milan (Italy)Wolves£16m
24%
36Pedro NetoLazio (Italy)Wolves£17.9m
24%
33Dennis PraetSampdoria (Italy)Leicester City£19.2m
17%
40Douglas LuizMan CityAston Villa£15m
17%
47Ezri KonsaBrentfordAston Villa£13.3m
14%
45Ezri KonsaBrentfordAston Villa£12m
14%
46Leander DendonckerRSC Anderlecht (Belgium)Wolves£13.8m
14%
40Matt TargettSouthamptonAston Villa£15m
14%
37Philip BillingHuddersfield TownBournemouth£16m
14%
40Philip BillingHuddersfield TownBournemouth£15m
14%
49Pedro PorroGirona (Spain)Manchester City£12m
10%
39Moussa DjenepoStandard Liege (Belgium)Southampton£15.7m
7%
34Arnaut DanjumaClub Brugge (Belgium)Bournemouth£18m
3%
48Isaac MbenzaMontpellier (France)Huddersfield Town£12.5m
0%
44Lloyd KellySouthamptonBournemouth£14.8m
0%
49Marvelous NakambaClub Brugge (Belgium)Aston Villa£12m
0%

Score Distribution

Percentile by Number Answered

Percent of People with Each Score

Your Score History

You have not taken this quiz